[Event "Moscow Open F Women"]
[Site "Moscow RUS"]
[Date "2011.01.31"]
[Round "3.18"]
[White "Baraeva, Marina"]
[Black "Mestnikova, Tuyara"]
[Result "1-0"]
[WhiteTitle "WFM"]
[WhiteElo "2152"]
[BlackElo "1852"]
[WhiteFideId "24142573"]
[BlackFideId "4127358"]
[EventDate "2011.01.29"]

1. d4 d5 2. Nf3 Nf6 3. c4 c6 4. Nc3 Bf5 5. cxd5 Nxd5 6. Qb3 Nxc3 7. bxc3 Qc7 8.
Ba3 Nd7 9. e3 h6 10. Bc4 e6 11. O-O g5 12. Bxf8 Nxf8 13. Rfe1 g4 14. Nh4 Be4 15.
Qd1 Rg8 16. Bd3 Bxd3 17. Qxd3 O-O-O 18. c4 Ng6 19. Nxg6 Rxg6 20. e4 c5 21. d5 h5
22. Qa3 h4 23. Re3 a6 24. Rb1 Rdg8 25. Reb3 exd5 26. exd5 g3 27. fxg3 hxg3 28.
h3 b5 29. cxb5 c4 30. b6 Qb7 31. Qc5+ Kb8 32. Qxc4 Rd8 33. Qf4+ Ka8 34. Rxg3
Rxb6 35. Rxb6 Qxb6+ 36. Kh2 Rxd5 37. Rg8+ Rd8 38. Qf3+ Kb8 39. Qxf7 Qd6+ 40. Rg3
Rd7 41. Qg6 Qxg6 42. Rxg6 Kb7 43. h4 Rd2 44. a3 Rd3 45. Rg3 Rd4 46. Rb3+ Kc6 47.
Kh3 a5 48. h5 a4 49. Rc3+ Kb5 50. g4 1-0

[Event "Moscow Open F Women"]
[Site "Moscow RUS"]
[Date "2011.01.31"]
[Round "3.21"]
[White "Stepovaia, Tatiana"]
[Black "Styazhkina, Anna"]
[Result "1/2-1/2"]
[WhiteTitle "WGM"]
[BlackTitle "WFM"]
[WhiteElo "2389"]
[BlackElo "1999"]
[WhiteFideId "4106970"]
[BlackFideId "24119300"]
[EventDate "2011.01.29"]

1. e4 d5 2. exd5 Qxd5 3. d4 e5 4. Nf3 Nc6 5. Nc3 Bb4 6. Bd2 Bxc3 7. Bxc3 Bg4 8.
dxe5 Nge7 9. Bd3 O-O-O 10. Qe2 Bxf3 11. Qxf3 Qxf3 12. gxf3 Nd5 13. f4 Nxf4 14.
O-O-O Nd5 15. Rhe1 Rhe8 16. e6 f6 17. Bxh7 Nxc3 18. bxc3 Ne7 19. Be4 f5 20. Bf3
c6 21. Rd4 Rxd4 22. cxd4 Rh8 23. Rg1 g6 24. Kd2 Kc7 25. c4 Rxh2 26. Ke3 Kd6 27.
c5+ Kxe6 28. Rb1 Rh3 29. Ke2 Nd5 30. Bxd5+ Kxd5 31. Rxb7 Kxd4 32. Rxa7 Kxc5 33.
Rg7 Ra3 34. Rxg6 Rxa2+ 35. Kf3 Rd2 36. Rf6 Kb5 37. Rxf5+ c5 38. Ke3 1/2-1/2

[Event "Moscow Open F Women"]
[Site "Moscow RUS"]
[Date "2011.01.31"]
[Round "3.24"]
[White "Mukhametgaleeva, Railia"]
[Black "Daulyte, Deimante"]
[Result "0-1"]
[BlackTitle "WGM"]
[WhiteElo "1983"]
[BlackElo "2293"]
[WhiteFideId "4123263"]
[BlackFideId "12802859"]
[EventDate "2011.01.29"]

1. e4 e5 2. Nf3 Nc6 3. Bb5 a6 4. Ba4 Nf6 5. d4 exd4 6. O-O Be7 7. Re1 b5 8. e5
Ng4 9. Bb3 d5 10. a4 b4 11. a5 Kf8 12. Ba4 Nxa5 13. Nxd4 Bc5 14. Bf4 Nxf2 15.
Kxf2 Qh4+ 16. g3 Qxh2+ 17. Kf3 Qh5+ 18. Kg2 Bh3+ 19. Kg1 Bg4 20. Qd3 Bf3 21. Nd2
Qh1+ 22. Kf2 Qg2+ 23. Ke3 Be4 24. Qf1 g5 25. Bxg5 Qxg3+ 26. Nf3 Bxf3 27. Bh6+
Ke7 28. Qxf3 Bxd4+ 29. Ke2 Qxf3+ 30. Kxf3 Bxb2 31. Rab1 Bc3 32. Red1 Ke6 33. Bf4 0-1

[Event "Moscow Open F Women"]
[Site "Moscow RUS"]
[Date "2011.01.31"]
[Round "3.25"]
[White "Ghader Pour, Shayesteh"]
[Black "Achinova, Giliana"]
[Result "1-0"]
[WhiteTitle "WIM"]
[WhiteElo "2212"]
[BlackElo "1936"]
[WhiteFideId "12500747"]
[BlackFideId "4102428"]
[EventDate "2011.01.29"]

1. e4 d6 2. d4 Nf6 3. Nc3 g6 4. Be3 Bg7 5. Qd2 Ng4 6. Bf4 Nc6 7. Nf3 e5 8. Bg5
f6 9. Bh4 exd4 10. Nxd4 Qe7 11. Nxc6 bxc6 12. Be2 O-O 13. O-O Rb8 14. b3 g5 15.
Bg3 f5 16. exf5 Bxc3 17. Bc4+ d5 18. Qxc3 Bxf5 19. Bd3 Bxd3 20. cxd3 Rb6 21.
Rae1 Qf7 22. f3 Nh6 23. Qd2 Qg6 24. Re5 Nf7 25. Re7 Qf6 26. Rfe1 c5 27. Rxc7 Re6
28. Rxe6 Qxe6 29. Rxc5 Re8 30. Rc1 Qg6 31. d4 g4 32. Qf4 gxf3 33. Qxf3 Qg5 34.
Bf4 Qf5 35. Qg3+ Kh8 36. h3 h6 37. Rc7 Rg8 38. Be5+ Nxe5 39. Qxe5+ Qxe5 40. dxe5
Re8 41. Rxa7 Rxe5 42. Kf2 Kg8 43. Rc7 Kf8 44. Rc1 Ke7 45. Re1 1-0

[Event "Moscow Open F Women"]
[Site "Moscow RUS"]
[Date "2011.01.31"]
[Round "3.26"]
[White "Shaydullina, Sandugach"]
[Black "Skakun, Valentina"]
[Result "1-0"]
[WhiteTitle "WGM"]
[WhiteElo "2207"]
[BlackElo "1925"]
[WhiteFideId "4140389"]
[BlackFideId "24133469"]
[EventDate "2011.01.29"]

1. d4 d5 2. c4 e6 3. Nf3 c6 4. Bg5 Bb4+ 5. Nbd2 Ne7 6. a3 Bd6 7. e4 dxe4 8. Nxe4
Bc7 9. Bd3 O-O 10. O-O f6 11. Bc1 Nd7 12. b4 e5 13. Bb2 exd4 14. Nxd4 Ne5 15.
Be2 Nf5 16. c5 Nxd4 17. Qxd4 Be6 18. Rad1 Qe7 19. f4 Nf7 20. Bd3 Bd5 21. Rde1
Qd7 22. Re3 Be6 23. Nxf6+ gxf6 24. Qxf6 Ne5 25. Rg3+ Ng4 26. Rxg4+ Bxg4 27. Bc4+ 1-0

[Event "Moscow Open F Women"]
[Site "Moscow RUS"]
[Date "2011.01.31"]
[Round "3.27"]
[White "Baraeva, Irina"]
[Black "Kisteneva, Liza"]
[Result "1-0"]
[WhiteTitle "WFM"]
[BlackTitle "WFM"]
[WhiteElo "2201"]
[BlackElo "1911"]
[WhiteFideId "24142565"]
[BlackFideId "24124877"]
[EventDate "2011.01.29"]

1. d4 d5 2. Nf3 Nf6 3. c4 e6 4. cxd5 exd5 5. Nc3 Be7 6. Bg5 Nbd7 7. e3 O-O 8.
Bd3 c6 9. O-O Re8 10. Qc2 Nf8 11. h3 Bd6 12. Ne2 Ng6 13. Rab1 h6 14. Bf4 Nxf4
15. exf4 Be6 16. Ne5 Rc8 17. b4 Qe7 18. Qb2 Nh5 19. Qc2 Nf6 20. Qa4 Rc7 21. Ng3
a6 22. Rfe1 Qd8 23. Qd1 Qa8 24. Qd2 Kf8 25. Rbc1 Qa7 26. Bf1 Qb6 27. Rb1 Ng8 28.
a4 Ne7 29. a5 Qa7 30. Qe3 Rd8 31. Bd3 Ng8 32. Nh5 Be7 33. f5 Bc8 34. Qg3 Bf6 35.
Nxf6 Nxf6 36. Ng6+ fxg6 37. Qxc7 Re8 38. Rxe8+ Nxe8 39. Qxc8 Qxd4 40. Re1 1-0

[Event "Moscow Open F Women"]
[Site "Moscow RUS"]
[Date "2011.01.31"]
[Round "3.28"]
[White "Anu, Bayar"]
[Black "Bezgodova, Svetlana"]
[Result "1-0"]
[WhiteElo "1957"]
[BlackElo "2195"]
[WhiteFideId "4901339"]
[BlackFideId "4110650"]
[EventDate "2011.01.29"]

1. e4 d6 2. d4 Nf6 3. Bd3 e5 4. Ne2 Be7 5. c4 O-O 6. d5 Nbd7 7. Nbc3 c6 8. Ng3
g6 9. O-O a6 10. a4 a5 11. Kh1 Nc5 12. Bc2 Qb6 13. Rb1 Kg7 14. h3 Qb4 15. Qe2
cxd5 16. exd5 Bd7 17. Bd2 Nb3 18. Bxb3 Qxb3 19. f4 e4 20. Ncxe4 Nxe4 21. Nxe4
Rae8 22. Rf3 Qb6 23. Bc3+ Kg8 24. Bf6 Qd8 25. Bxe7 Qxe7 26. Re1 f5 27. Ng3 Qf6
28. Qd2 Rxe1+ 29. Qxe1 Qxb2 30. Qe7 Rf7 31. Qd8+ Kg7 32. Nh5+ gxh5 33. Rg3+ 1-0

[Event "Moscow Open F Women"]
[Site "Moscow RUS"]
[Date "2011.01.31"]
[Round "3.29"]
[White "Petrukhina, Irina"]
[Black "Bauyrzhan, Arnash"]
[Result "1-0"]
[WhiteTitle "WFM"]
[WhiteElo "2190"]
[BlackElo "1900"]
[WhiteFideId "4132432"]
[BlackFideId "13706322"]
[EventDate "2011.01.29"]

1. d4 Nf6 2. c4 g6 3. Nc3 Bg7 4. e4 d6 5. Bg5 h6 6. Bh4 O-O 7. f4 c5 8. d5 Nbd7
9. Nf3 a6 10. Bd3 b5 11. O-O bxc4 12. Bxc4 a5 13. Qe2 Nb6 14. Bb5 Bb7 15. a4 Qc7
16. Rad1 Qc8 17. h3 Ba6 18. Bxa6 Qxa6 19. Qxa6 Rxa6 20. e5 dxe5 21. fxe5 Nfd7
22. Bxe7 Re8 23. d6 Bf8 24. Nb5 Rc8 25. b3 c4 26. Bxf8 Kxf8 27. Nc7 Ra7 28. e6
fxe6 29. Ne5+ Kg8 30. Nxg6 Kg7 31. Ne7 Rcxc7 32. dxc7 Rxc7 33. Rd6 cxb3 34. Rxe6
Nxa4 35. Rg6+ 1-0

[Event "Moscow Open F Women"]
[Site "Moscow RUS"]
[Date "2011.01.31"]
[Round "3.30"]
[White "Abdumalik, Zhansaya"]
[Black "Eryshkanova, Anastasiya"]
[Result "1/2-1/2"]
[WhiteTitle "WFM"]
[BlackTitle "WFM"]
[WhiteElo "1938"]
[BlackElo "2168"]
[WhiteFideId "13703544"]
[BlackFideId "24119059"]
[EventDate "2011.01.29"]

1. e4 e5 2. Nf3 Nf6 3. Nxe5 Qe7 4. d4 Nc6 5. Nc3 Nxe5 6. dxe5 Qxe5 7. Bd3 Bb4 8.
Bd2 d6 9. h3 Bd7 10. Qe2 Bc6 11. O-O O-O-O 12. a3 Bc5 13. Be3 Bd4 14. f4 Qc5 15.
Bxd4 Qxd4+ 16. Qf2 Qxf2+ 17. Rxf2 Rhe8 18. Re1 Re7 19. Kh2 Rde8 20. Rfe2 Nd7 21.
g4 Nc5 22. b4 Na4 23. Nxa4 Bxa4 24. Kg3 f6 25. h4 Bd7 26. f5 c6 27. Kf4 h6 28.
g5 hxg5+ 29. hxg5 Rh8 30. gxf6 gxf6 31. Rg1 Rh4+ 32. Rg4 Rxg4+ 33. Kxg4 Rg7+ 34.
Kf4 Rh7 35. Rg2 Kd8 36. Rg8+ Be8 37. b5 Ke7 38. a4 Rh1 39. Rg7+ Bf7 40. bxc6
bxc6 41. a5 Kf8 42. Rg4 Ra1 43. a6 c5 44. Bb5 c4 45. Ke3 Ra5 46. Bc6 Rxa6 47.
Bd5 Bxd5 48. exd5 Ra3+ 49. Kd4 Rf3 50. Kxc4 Rxf5 51. Rg1 Rg5 52. Ra1 Rg7 53. Ra6
Rc7+ 54. Kd4 Ke7 55. Ra3 f5 56. Re3+ Kd7 57. c4 Rc8 58. Rf3 Rf8 59. Ra3 Kc7 60.
Rxa7+ Kb6 61. Ra3 Re8 62. Rb3+ Kc7 63. Rf3 Re4+ 64. Kd3 Re5 65. Rf4 Kb6 66. Kd4
Re1 67. Rxf5 Rd1+ 68. Kc3 Rc1+ 69. Kd3 Rd1+ 70. Kc3 Rc1+ 1/2-1/2

[Event "Moscow Open F Women"]
[Site "Moscow RUS"]
[Date "2011.01.31"]
[Round "3.31"]
[White "Medvedeva, Anna"]
[Black "Sazonova, Elena N."]
[Result "1-0"]
[BlackTitle "WIM"]
[WhiteElo "1921"]
[BlackElo "2162"]
[WhiteFideId "24102776"]
[BlackFideId "4109767"]
[EventDate "2011.01.29"]

1. e4 c5 2. c3 Qa5 3. Nf3 g6 4. Bc4 Bg7 5. O-O e6 6. d4 Ne7 7. Be3 b5 8. Be2 Bb7
9. dxc5 Bxe4 10. Nbd2 Bd5 11. Nd4 a6 12. a4 b4 13. N2b3 Qc7 14. cxb4 Qb7 15. b5
f5 16. Na5 Qc7 17. Qd2 f4 18. Bxf4 e5 19. Bg3 Qxc5 20. Ndb3 Qa7 21. Qb4 Qb6 22.
Rfd1 axb5 23. axb5 Na6 24. Qd2 Nc7 25. Nc4 Qb8 26. Nd6+ Kf8 27. Nc5 Be6 28. Rxa8
Nxa8 29. Nxe6+ dxe6 30. Qe3 Nf5 31. Nxf5 gxf5 32. Qc5+ Kg8 33. Bc4 Kf7 34. Rd7+
Kg6 35. Rxg7+ Kxg7 36. Bxe5+ 1-0

[Event "Moscow Open F Women"]
[Site "Moscow RUS"]
[Date "2011.01.31"]
[Round "3.32"]
[White "Lisachenko, Natalia"]
[Black "Semenova, Elena"]
[Result "0-1"]
[BlackTitle "WFM"]
[WhiteElo "1903"]
[BlackElo "2139"]
[WhiteFideId "4174151"]
[BlackFideId "24125148"]
[EventDate "2011.01.29"]

1. d4 f5 2. c4 Nf6 3. Nc3 g6 4. Nf3 Bg7 5. e3 O-O 6. Be2 d6 7. O-O Qe8 8. Qc2 e5
9. dxe5 dxe5 10. e4 Na6 11. a3 Nc5 12. Nd2 Ne6 13. Nd5 Nd4 14. Qd1 Nxd5 15. exd5
Bd7 16. Ra2 c6 17. dxc6 Bxc6 18. b3 Rd8 19. Qe1 Qe7 20. Kh1 e4 21. b4 b6 22. Bd1
Be5 23. Nb3 Qh4 24. g3 e3+ 25. f3 Qh3 26. Nxd4 Bxg3 27. Qe2 Rxd4 28. c5 Bxh2 29.
Qxh2 Qxf1+ 30. Qg1 Qxg1+ 31. Kxg1 Rxd1+ 32. Kg2 Rxc1 0-1

[Event "Moscow Open F Women"]
[Site "Moscow RUS"]
[Date "2011.01.31"]
[Round "3.33"]
[White "Yakupova, Aysyla"]
[Black "Budueva, Kristina"]
[Result "1-0"]
[WhiteElo "2132"]
[BlackElo "1889"]
[WhiteFideId "4197569"]
[BlackFideId "24152749"]
[EventDate "2011.01.29"]

1. e4 e5 2. Nf3 Nc6 3. Bb5 Nf6 4. d3 Bc5 5. O-O d6 6. c3 O-O 7. Nbd2 Qe7 8. h3
Nb8 9. Re1 c6 10. Ba4 Rd8 11. Nf1 Nbd7 12. Ng3 Nf8 13. d4 Bb6 14. Bc2 h6 15. Nh4
Qc7 16. Nhf5 Ne6 17. Be3 d5 18. Qf3 dxe4 19. Nxe4 Nd5 20. Nxh6+ Kf8 21. Nf5 Nef4
22. Bxf4 exf4 23. Qh5 Bxf5 24. Qxf5 g6 25. Qg5 Kg7 26. Nd2 Re8 27. Nf3 Qd6 28.
Nh4 Qf6 29. Nf5+ Kg8 30. Qxf6 Nxf6 31. Nd6 Red8 32. Nxb7 Rd7 33. Nc5 Bxc5 34.
dxc5 Rd2 35. Rac1 Rb8 36. b4 Nd5 37. Bb3 a5 38. a3 Rb2 39. Bxd5 cxd5 40. Rb1 Ra2
41. b5 Rxa3 42. c6 Rxc3 43. Kh2 Rc5 44. Re7 Kf8 45. Rb7 Rc8 46. Ra1 Kg7 47. Re1
a4 48. Ree7 Kf6 49. Rxf7+ Ke5 50. c7 a3 51. b6 a2 52. Re7+ Kd6 53. Re1 Ra5 54.
Ra1 Raa8 55. Ra7 Rxa7 56. bxa7 Ra8 57. Rxa2 Kxc7 58. Ra5 Kd6 59. h4 Ke5 60. Kh3
Ke4 61. Kg4 d4 62. Ra4 Ke5 63. Kf3 d3 64. g3 fxg3 65. fxg3 d2 66. Ke2 Rd8 67.
Kd1 Ra8 68. Kxd2 Kf6 69. Ra5 Ke6 70. Ke3 1-0

[Event "Moscow Open F Women"]
[Site "Moscow RUS"]
[Date "2011.01.31"]
[Round "3.34"]
[White "Kineva, Ekaterina"]
[Black "Sazonova, Anastasia"]
[Result "1-0"]
[WhiteTitle "WFM"]
[WhiteElo "2120"]
[BlackElo "1886"]
[WhiteFideId "4152662"]
[BlackFideId "24131008"]
[EventDate "2011.01.29"]

1. e4 c5 2. Nf3 d6 3. d4 cxd4 4. Nxd4 Nf6 5. Nc3 Nc6 6. Bg5 Bd7 7. Bc4 Rc8 8.
Bxf6 gxf6 9. O-O Nxd4 10. Qxd4 e5 11. Qd3 a6 12. a4 Be6 13. Bd5 Qc7 14. a5 Be7
15. Ra3 Bxd5 16. Qxd5 Qc6 17. Rd1 Qxd5 18. Rxd5 Kd7 19. Rb3 Rb8 20. Na4 Ke6 21.
Nc5+ dxc5 22. Rb6+ Bd6 23. Rbxd6+ Ke7 24. Rd7+ Ke8 25. Rc7 Rd8 26. Rxb7 Rxd5 27.
exd5 1-0

[Event "Moscow Open F Women"]
[Site "Moscow RUS"]
[Date "2011.01.31"]
[Round "3.35"]
[White "Gorozhankina, Julia"]
[Black "Maidanova, Irina"]
[Result "1-0"]
[WhiteTitle "WFM"]
[WhiteElo "2088"]
[BlackElo "1871"]
[WhiteFideId "4199650"]
[BlackFideId "24126624"]
[EventDate "2011.01.29"]

1. d4 d5 2. c4 e6 3. Nf3 Be7 4. Nc3 Nf6 5. cxd5 exd5 6. Bg5 c6 7. Qc2 O-O 8. e3
Re8 9. Bd3 Nbd7 10. O-O Ne4 11. Bf4 Nxc3 12. Bxh7+ Kh8 13. bxc3 g6 14. Bxg6 fxg6
15. Qxg6 Rf8 16. Qh5+ Kg8 17. Bh6 Rf7 18. Qg6+ Kh8 19. Qxf7 Bf6 20. Nh4 1-0

[Event "Moscow Open F Women"]
[Site "Moscow RUS"]
[Date "2011.01.31"]
[Round "3.36"]
[White "Korchagina, Viktoria"]
[Black "Arnatskaya, Zoya"]
[Result "1-0"]
[WhiteTitle "WFM"]
[WhiteElo "2086"]
[BlackElo "1867"]
[WhiteFideId "4197224"]
[BlackFideId "24137081"]
[EventDate "2011.01.29"]

1. e4 d5 2. exd5 Qxd5 3. Nc3 Qa5 4. d4 Nf6 5. Nf3 Bf5 6. Bc4 e6 7. Bd2 c6 8. Nd5
Qd8 9. Nxf6+ gxf6 10. c3 Nd7 11. Qe2 Nb6 12. Bb3 Qc7 13. O-O Rg8 14. Nh4 Bg4 15.
f3 Bh5 16. Bxe6 Qe7 17. Bc4 Nxc4 18. Qxc4 O-O-O 19. b4 Rd5 20. Rfe1 Qd8 21. a4
Kb8 22. b5 f5 23. Bf4+ Bd6 24. Bxd6+ Qxd6 25. bxc6 Qxc6 26. Qxc6 bxc6 27. Re7
Ra5 28. Rb1+ Kc8 29. Reb7 Rg7 30. c4 Rxa4 31. Nxf5 Rg5 32. Ne7+ Kd8 33. Nxc6+
Ke8 34. Rb8+ Kd7 35. Ne5+ Ke6 36. h4 Rg7 37. Re8+ Kf5 38. Rb5 Kf4 39. Nd3+ Kg3
40. Rxh5 Rxc4 41. d5 Rc2 42. Ne1 1-0

[Event "Moscow Open F Women"]
[Site "Moscow RUS"]
[Date "2011.01.31"]
[Round "3.37"]
[White "Butneva, Larisa"]
[Black "Zizlova, Sofia"]
[Result "0-1"]
[WhiteElo "1867"]
[BlackElo "2085"]
[WhiteFideId "24106011"]
[BlackFideId "4123476"]
[EventDate "2011.01.29"]

1. e4 c5 2. Nf3 d6 3. d4 cxd4 4. Nxd4 Nf6 5. Nc3 g6 6. f4 Nc6 7. Nxc6 bxc6 8. e5
Nd7 9. exd6 exd6 10. Qd4 Nf6 11. Be2 Be7 12. Be3 O-O 13. Qa4 Qc7 14. h3 d5 15.
Bf3 a5 16. O-O Rb8 17. a3 Rxb2 18. Bd4 Rb8 19. Be5 Qa7+ 20. Kh2 Rb7 21. Rab1
Rxb1 22. Rxb1 Bd7 23. Qb3 Bf5 24. Qb7 Qxb7 25. Rxb7 Bd8 26. Rb8 Nd7 27. Ra8 Nxe5
28. fxe5 Bc7 29. Rxf8+ Kxf8 30. Na4 Bxe5+ 31. g3 Bxc2 32. Nc5 Ke7 33. Kg2 a4 34.
Be2 Bd6 0-1

[Event "Moscow Open F Women"]
[Site "Moscow RUS"]
[Date "2011.01.31"]
[Round "3.38"]
[White "Kostrikina, Anna"]
[Black "Ivanova, Karina"]
[Result "1-0"]
[WhiteTitle "WFM"]
[WhiteElo "2079"]
[BlackElo "1865"]
[WhiteFideId "4176219"]
[BlackFideId "24139750"]
[EventDate "2011.01.29"]

1. e4 c6 2. d4 d5 3. exd5 cxd5 4. Bd3 Nc6 5. c3 Qc7 6. Nf3 Nf6 7. Bg5 Bg4 8.
Nbd2 e6 9. O-O Bd6 10. Qb3 Bxf3 11. Nxf3 Ne4 12. Be3 h6 13. h3 Nf6 14. Rfe1 O-O
15. Qc2 Rfc8 16. Qe2 Na5 17. Rad1 Nc4 18. Bc2 a6 19. Ne5 b5 20. b3 Nb6 21. Bd2
Qe7 22. Rc1 Nfd7 23. Ng4 Nf6 24. Ne5 Nfd7 25. Qg4 Kf8 26. Qf3 Qf6 27. Qh5 Qe7
28. h4 Nf6 29. Qf3 Bxe5 30. dxe5 Nfd7 31. Qg4 Nc5 32. Bh7 Qd7 33. Re3 Ne4 34.
Bxe4 dxe4 35. Be1 Qd5 36. Rxe4 Nd7 37. Rd1 Qb7 38. Qe2 Nc5 39. Red4 Qb6 40. Rd6
Qc7 41. b4 Nb7 42. Rd7 Qc6 43. Qh5 Nd8 44. f3 Kg8 45. R1d3 Qc4 46. Bf2 Qf4 47.
Be3 Qf5 48. Qxf5 exf5 49. Bb6 Ne6 50. Re7 Nf4 51. Rdd7 Rf8 52. h5 Nxh5 53. e6
fxe6 54. g4 fxg4 55. fxg4 Nf6 56. Rxg7+ Kh8 57. Rde7 Rae8 58. Bd4 Rxe7 59. Rxe7
e5 60. Bxe5 Kg8 61. Re6 Nd7 62. Bd4 Rf4 63. Rxh6 Rxg4+ 64. Kf2 Kf7 65. Rxa6 Rh4
66. Ra5 Rh2+ 67. Kf3 Ke6 68. Ke4 Kd6 69. Rxb5 Rxa2 70. Ra5 Re2+ 71. Kd3 Rb2 72.
Ra6+ Kc7 73. Kc4 Rb1 74. Kb5 Rf1 75. c4 Rf5+ 76. c5 Rd5 77. Kc4 Rf5 78. b5 Ne5+
79. Bxe5+ Rxe5 80. b6+ Kb7 81. Kb5 Re1 82. c6+ 1-0

[Event "Moscow Open F Women"]
[Site "Moscow RUS"]
[Date "2011.01.31"]
[Round "3.39"]
[White "Vasenina, Anna"]
[Black "Markelova, Lubov"]
[Result "1/2-1/2"]
[WhiteTitle "WFM"]
[WhiteElo "1857"]
[BlackElo "2076"]
[WhiteFideId "4177207"]
[BlackFideId "24131369"]
[EventDate "2011.01.29"]

1. e4 c5 2. Nf3 Nc6 3. Bb5 Na5 4. O-O a6 5. Be2 b5 6. d4 cxd4 7. Nxd4 Bb7 8. a4
b4 9. c3 e6 10. cxb4 Bxb4 11. Bd2 Bxd2 12. Nxd2 Nf6 13. b4 Nc6 14. Nxc6 Bxc6 15.
b5 axb5 16. axb5 Bb7 17. e5 Nd5 18. Ne4 O-O 19. Qd4 f6 20. Rxa8 Bxa8 21. f4 fxe5
22. fxe5 Nf4 23. Bf3 Bxe4 24. Qxe4 Qb6+ 25. Kh1 Qxb5 26. Rb1 Qd3 27. Qb7 Ng6 28.
h3 Nxe5 29. Rd1 Qe3 30. Be4 d5 31. Bc2 Qh6 32. Re1 Ng4 33. Qb6 Nf2+ 34. Kg1 Qd2
35. Qxe6+ Kh8 36. Qe7 Qf4 37. Qe3 Qd6 38. Rf1 Ne4 39. Rxf8+ Qxf8 40. Bxe4 1/2-1/2

[Event "Moscow Open F Women"]
[Site "Moscow RUS"]
[Date "2011.01.31"]
[Round "3.40"]
[White "Maslova, Elena"]
[Black "Rodionova, Daria"]
[Result "0-1"]
[WhiteElo "2065"]
[BlackElo "1856"]
[WhiteFideId "24102385"]
[BlackFideId "24136638"]
[EventDate "2011.01.29"]

1. e4 c5 2. Nf3 Nc6 3. d4 cxd4 4. Nxd4 e5 5. Nf3 Nf6 6. Nc3 Bb4 7. Bc4 Bxc3+ 8.
bxc3 Qa5 9. Bb2 Nxe4 10. O-O O-O 11. Qd3 Nf6 12. Qd6 e4 13. Nd4 Ne8 14. Nxc6
bxc6 15. Qe7 Nf6 16. Ba3 Ba6 17. Bb4 Qa4 18. Bb3 Qb5 19. c4 Qf5 20. Bc3 Rfe8 21.
Qa3 Bb7 22. c5 Nd5 23. Bb2 Re6 24. f3 Rg6 25. Rae1 Qh3 26. Rf2 e3 27. Rxe3 Nxe3
28. Bxf7+ Kxf7 29. Qxe3 Qe6 30. Qf4+ Kg8 31. Qc7 Ba6 32. Qa5 Bc4 33. f4 Re8 34.
Bc3 Rb8 35. h3 Qxh3 36. f5 Rg5 37. Bd2 Rg4 38. f6 Qg3 39. fxg7 Bf7 40. Be1 Qe3
41. a4 Re8 0-1

[Event "Moscow Open F Women"]
[Site "Moscow RUS"]
[Date "2011.01.31"]
[Round "3.41"]
[White "Morozova, Ulia"]
[Black "Matsenko, Elena"]
[Result "0-1"]
[BlackTitle "WFM"]
[WhiteElo "1724"]
[BlackElo "2039"]
[WhiteFideId "24159310"]
[BlackFideId "4172892"]
[EventDate "2011.01.29"]

1. e4 c5 2. Nf3 Nc6 3. d4 cxd4 4. Nxd4 Qc7 5. Nc3 e6 6. Be2 a6 7. Be3 Nf6 8. O-O
Bb4 9. Bf3 Ne5 10. Bd2 Qc4 11. Nce2 Nxf3+ 12. gxf3 Bxd2 13. Qxd2 O-O 14. Kh1 g6
15. e5 Nh5 16. Ng3 Nxg3+ 17. hxg3 Qd5 18. Rae1 f6 19. exf6 Rxf6 20. Kg2 b5 21.
Rh1 Rf7 22. Qe3 Bb7 23. Qe4 Raf8 24. Qxd5 Bxd5 25. Re3 Rc8 26. c3 Kf8 27. g4 Ke7
28. Kg3 b4 29. Ne2 Rcf8 30. Nd4 bxc3 31. bxc3 Bxa2 32. Ra1 Bc4 33. Ra4 Rc8 34.
f4 Kf6 35. Nf3 d6 36. Ng5 Rd7 37. Ne4+ Kg7 38. Nd2 Bb5 39. Rae4 e5 40. fxe5 dxe5
41. Nf3 Rdc7 42. Rxe5 Rxc3 43. Re7+ Kg8 44. Nd4 Rxe3+ 45. Rxe3 Bf1 46. f4 Rd8
47. Nc6 Rd3 48. Kf2 Rxe3 49. Kxe3 Kf7 50. Kd4 Kf6 51. Nb4 h5 52. Nd5+ Kf7 53.
gxh5 gxh5 54. Ne3 Be2 55. Nf5 Bg4 56. Nh4 Ke6 57. Kc5 Be2 58. Kd4 a5 59. Kc5 a4
60. Kb4 Bd1 61. Ng2 Bb3 62. Nh4 Kd5 63. Nf5 Ba2 64. Kxa4 Bb1 65. Ng3 h4 66. Ne2
Bc2+ 67. Kb4 Ke4 68. Kc3 Ba4 69. Kd2 h3 70. Ng3+ Kf3 0-1

[Event "Moscow Open F Women"]
[Site "Moscow RUS"]
[Date "2011.01.31"]
[Round "3.46"]
[White "Chadaeva, Tatiana"]
[Black "Kalashnikova, Larisa"]
[Result "1-0"]
[BlackTitle "WFM"]
[WhiteElo "1835"]
[BlackElo "1971"]
[WhiteFideId "24152757"]
[BlackFideId "4110986"]
[EventDate "2011.01.29"]

1. e4 c5 2. Nc3 Nc6 3. g3 g6 4. Bg2 Bg7 5. d3 d6 6. Nge2 e5 7. Be3 Nge7 8. Qd2
O-O 9. Bh6 Nd4 10. Bxg7 Kxg7 11. O-O Rb8 12. f4 f5 13. Nd5 Be6 14. Nec3 Nec6 15.
Ne3 Qd7 16. Ncd5 Kh8 17. c3 Nb5 18. Rf2 Nc7 19. Raf1 Bxd5 20. exd5 Ne7 21. fxe5
dxe5 22. c4 Ne8 23. Qc3 Qd6 24. Ng4 Ng7 25. Nxe5 Ng8 26. d4 Nf6 27. dxc5 Qxc5
28. b4 Qe7 29. Re1 Qc7 30. c5 Rbc8 31. Qb2 Rcd8 32. Qb3 Ng4 33. d6 Qc8 34. Nf7+
Rxf7 35. Qxf7 Rf8 36. Qxb7 Nxf2 37. Qxc8 Rxc8 38. Kxf2 Rb8 39. d7 Rd8 40. c6 1-0

[Event "Moscow Open F Women"]
[Site "Moscow RUS"]
[Date "2011.01.31"]
[Round "3.49"]
[White "Khobotova, Olesia"]
[Black "Turygina, Irina"]
[Result "1-0"]
[WhiteElo "1991"]
[BlackElo "1650"]
[WhiteFideId "24129550"]
[BlackFideId "24110973"]
[EventDate "2011.01.29"]

1. e4 c5 2. Nf3 d6 3. d4 cxd4 4. Nxd4 Nf6 5. Nc3 a6 6. Be2 e5 7. Nf3 Be7 8. O-O
O-O 9. Bg5 Be6 10. Qd2 Qc7 11. Rad1 Rd8 12. Bxf6 Bxf6 13. Ng5 Nc6 14. Nxe6 fxe6
15. Bg4 Nd4 16. Rc1 Qe7 17. Nd1 d5 18. c3 Nc6 19. exd5 exd5 20. Ne3 Bg5 21. Qe2
Kh8 22. Rcd1 Bxe3 23. fxe3 Qc5 24. Rf7 d4 25. cxd4 exd4 26. Bf5 dxe3 27. Re1 Re8
28. Qh5 e2+ 29. Kh1 Qxf5 30. Qxf5 Rad8 31. Qg5 Rg8 32. Rf2 Rge8 33. Rf7 Rg8 34.
Qg4 Ne5 35. Qxe2 Nxf7 36. h4 Nd6 37. Qg4 Ne8 38. Qb4 Nd6 39. Rd1 Nb5 40. Rxd8
Rxd8 41. Qe7 Rb8 42. a4 Nd4 43. Qc7 Nc6 44. b4 h6 45. b5 axb5 46. axb5 Rf8 47.
bxc6 bxc6 48. Qxc6 Rf6 49. Qe4 Kg8 50. g4 g5 51. hxg5 hxg5 52. Qd5+ Kg7 53.
Qxg5+ Rg6 54. Qe5+ Kh6 55. Qh5+ Kg7 56. Kg2 Rh6 57. Qe5+ Kg6 58. Kg3 Kf7 59. g5
Rg6 60. Kg4 Rg8 61. Qf6+ Ke8 62. Kh5 Rf8 63. Qe6+ Kd8 64. Kg6 Rf1 65. Qd5+ Ke7
66. Qe4+ Kf8 67. Qb4+ 1-0